header

Folktales of the Jews. (Record no. 91499)

MARC details
000 -LEADER
fixed length control field 01766nam a2200421Ia 4500
082 04 - DEWEY DECIMAL CLASSIFICATION NUMBER
Classification number 398.2089/924
245 00 - TITLE STATEMENT
Title Folktales of the Jews.
250 ## - EDITION STATEMENT
Edition statement 1st ed.
260 ## - PUBLICATION, DISTRIBUTION, ETC. (IMPRINT)
Place of publication Philadelphia :
Name of publisher Jewish Publication Society,
Year of publication 2007.
300 ## - PHYSICAL DESCRIPTION
Number of Pages xlii, 624 p. :
Other physical details ill., map.
500 ## - GENERAL NOTE
General note "Tales selected from the Israel Folktale Archives named in honor of Dov Noy."
650 #0 - SUBJECT ADDED ENTRY--TOPICAL TERM
Topical Term Jews
Topical Term Jewish legends.
Topical Term Tales.
Topical Term Jewish legends
Topical Term Tales
700 1# - ADDED ENTRY--PERSONAL NAME
Personal name Ben-Amos, Dan.
Personal name Noy, Dov.
Personal name Frankel, Ellen.
856 40 - ELECTRONIC LOCATION AND ACCESS
Uniform Resource Identifier http://site.ebrary.com/lib/rucke/Doc?id=10388536

No items available.

© 2026 Rongo University
Contact us: librarian | system librarian | Rongo university